[Event "Heusenstamm Sparkassen op U14 7th"]
[Site "Heusenstamm"]
[Date "2021.11.21"]
[Round "5.5"]
[White "Inan, Emir"]
[Black "Meng, Yuxuan"]
[Result "1-0"]
[WhiteElo "1176"]
[BlackElo "1419"]
[PlyCount "145"]
[EventDate "2021.11.19"]
[EventType "swiss"]
[EventRounds "7"]
[EventCountry "GER"]
[SourceTitle "EXT 2023"]
[Source "ChessBase"]
[SourceDate "2022.10.05"]
[SourceVersion "1"]
[SourceVersionDate "2022.10.05"]
[SourceQuality "1"]

1. d4 d5 2. c4 e6 3. Nc3 Nf6 4. Bg5 Nbd7 5. Nf3 c6 6. e3 Qa5 7. a3 Ne4 8. Qc1 Ndf6 9. Bxf6 Nxf6 10. c5 Be7 11. Bd3 0-0 12. 0-0 Qc7 13. e4 dxe4 14. Nxe4 Rd8 15. Qc2 h6 16. Rfd1 Nd7 17. b4 e5 18. Bc4 exd4 19. Rxd4 Nf6 20. Rxd8+ Qxd8 21. Rd1 Qc7 22. h3 Qf4 23. Rd4 Bf5 24. Nxf6+ Bxf6 25. Bxf7+ Kh7 26. Rxf4 Bxc2 27. Ne1 Be5 28. Rf3 Bb1 29. Nd3 Bf6 30. g4 Rd8 31. Bc4 Rd4 32. Nb2 Be4 33. Re3 Bg5 34. Rxe4 Rxe4 35. Bd3 Bc1 36. Bxe4+ Kg8 37. Nc4 Kf8 38. Kg2 Ke7 39. Kg3 g5 40. h4 Kf6 41. hxg5+ hxg5 42. f3 Ke6 43. Kf2 Kd7 44. Ke2 Bf4 45. a4 Kc7 46. Kd3 Kd7 47. Kd4 Kc7 48. b5 cxb5 49. axb5 b6 50. cxb6+ axb6 51. Bc6 Bg3 52. Ke4 Bf4 53. Kf5 Bc1 54. Ne5 Kd6 55. Nf7+ Ke7 56. Nxg5 Kf8 57. Ne6+ Ke7 58. g5 Kf7 59. g6+ Kg8 60. g7 Bb2 61. f4 Kf7 62. Be8+ Kg8 63. Ke4 Bf6 64. Kd5 Bh4 65. f5 Bf6 66. Kc6 Bc3 67. Kxb6 Bb2 68. Kc7 Be5+ 69. Kc8 Bf6 70. b6 Bc3 71. b7 Be5 72. Nc7 Kxg7 73. b8Q 1-0

[Event "Heusenstamm Sparkassen op U14 7th"]
[Site "Heusenstamm"]
[Date "2021.11.21"]
[Round "7.6"]
[White "Inan, Emir"]
[Black "Sensoy, Emir"]
[Result "0-1"]
[WhiteElo "1176"]
[BlackElo "1367"]
[PlyCount "126"]
[EventDate "2021.11.19"]
[EventType "swiss"]
[EventRounds "7"]
[EventCountry "GER"]
[SourceTitle "EXT 2023"]
[Source "ChessBase"]
[SourceDate "2022.10.05"]
[SourceVersion "1"]
[SourceVersionDate "2022.10.05"]
[SourceQuality "1"]

1. d4 d5 2. c4 c6 3. Nc3 Nf6 4. Nf3 Bf5 5. Bg5 Nbd7 6. Qb3 Qb6 7. c5 Qxb3 8. axb3 b6 9. b4 g6 10. e3 Bg7 11. h3 0-0 12. Ne5 h6 13. Bxf6 Nxf6 14. Nxc6 Rfe8 15. Bb5 a6 16. Rxa6 Rxa6 17. Bxa6 bxc5 18. dxc5 Bd7 19. b5 Ra8 20. Bb7 Ra1+ 21. Nd1 Ne4 22. 0-0 Nxc5 23. Nxe7+ Kf8 24. Nxd5 Bxb5 25. Re1 Nxb7 26. b4 Ba4 27. Kh2 Rxd1 28. Re2 Rxd5 29. Ra2 Bb3 30. Ra3 Bc4 31. Ra8+ Ke7 32. e4 Rg5 33. Rc8 Be5+ 34. g3 Bd3 35. f4 Bxf4 36. gxf4 Rb5 37. e5 Rxb4 38. Kg3 Rb3 39. Kf2 Bf5 40. Rc1 Bxh3 41. Kg1 Rb2 42. Rc3 Bf5 43. Rc1 Rb1 44. Rxb1 Bxb1 45. Kf2 h5 46. Kg3 Ke6 47. Kh4 Kf5 48. Kg3 h4+ 49. Kxh4 Kxf4 50. Kh3 Kxe5 51. Kg4 f5+ 52. Kf3 g5 53. Ke3 g4 54. Kf2 Kf4 55. Kg2 Ke3 56. Kf1 Kf3 57. Kg1 g3 58. Kh1 g2+ 59. Kg1 f4 60. Kh2 Kf2 61. Kh3 g1Q 62. Kh4 Qg6 63. Kh3 Qg3# 0-1